Aktueller FC Bayern Kader (25/26) nach Rückennummern - Statistiken

Allgemein
  • Dieses Quiz wurde 158 mal gespielt
  • Das Durchschnittsergebnis liegt bei 18 aus 27
Antwortstatistiken
Hint Antwort % Korrekt
1
Neuer
100%
9 Kane
94%
6 Kimmich
92%
10 Musiala
90%
8 Goretzka
89%
4 Tah
87%
3
Kim
85%
7 Gnabry
81%
14 Diaz
78%
17 Olise
76%
2 Upamecano
74%
19 Davies
73%
42 Karl
71%
20 Bischof
68%
11 Jackson
68%
45 Pavlovic
67%
27 Laimer
61%
44 Stanisic
55%
22 Guerreiro
53%
23 Boey
51%
40 Urbig
50%
21 Ito
43%
36 Mike
43%
26 Ulreich
39%
48 Klanac
34%
38 Chavez
32%
47 Daiber
24%
Keine übereinstimmenden Quizze gefunden
Verteilung der Resultate
Anzahl Personen mit jedem Resultat
Perzentil nach korrekt beantworteten Fragen
Ihre Resultats-Entwicklung
Sie haben dieses Quiz noch nicht gespielt